Normal view
MARC view
- Telhami, Shibley
Entry Personal Name
001 - CONTROL NUMBER
- control field: 15712
003 - CONTROL NUMBER IDENTIFIER
- control field: OSt
005 - DATE AND TIME OF LATEST TRANSACTION
- control field: 20260311193025.0
008 - FIXED-LENGTH DATA ELEMENTS
- fixed length control field: 260311|| aca||aabn | a|a d
040 ## - CATALOGING SOURCE
- Original cataloging agency: OSt
- Transcribing agency: OSt
100 ## - HEADING--PERSONAL NAME
- Personal name: Telhami, Shibley
670 ## - SOURCE DATA FOUND
- Source citation: Work cat.: (OSt)6181: Telhami, Shibley., The stakes :, c2002.